LEADER 01322nam0-22003371i-450 001 990005373820403321 005 20230829145945.0 035 $a000537382 035 $aFED01000537382 035 $a(Aleph)000537382FED01 035 $a000537382 100 $a19990604d1894----km-y0itay50------ba 101 0 $aita 102 $aIT 105 $ay-------001yy 200 1 $a<>nuovi frammenti d'epigrafi greche relative ai ludi augustali di Napoli$ememoria letta all'Accademia di archeologia lettere e belle arti nelle tornate del 19 e 28 dicembre 1893$fillustrati da Giuseppe Civitelli 210 $aNapoli$cTipografia della Regia Universita$d1894 215 $a81 p.$d34 cm 300 $aEstratto dal vol. 17 degli Atti dell'Accademia di Archeologia Lettere e Belle Arti, Napoli 610 0 $aEpigrafia greca 676 $a481.09377 700 1$aCivitelli,$bGiuseppe$0208656 712 02$aSocietą nazionale di scienze lettere e arti.$bAccademia di archeologia lettere e belle arti 801 0$aIT$bUNINA$gRICA$2UNIMARC 901 $aBK 912 $a990005373820403321 952 $aP2B-100-CIVITELLI G.-1894$bBibl. 14450$fFLFBC 952 $aARCH. BM MISC. 005 (09)$bs.i.$fFLFBC 959 $aFLFBC 996 $aNuovi frammenti d'Epigrafi greche relative ai Ludi Augustali di Napoli$9171453 997 $aUNINA LEADER 03751nam 2200613 450 001 9910809133203321 005 20170821201330.0 010 $a1-4704-1669-7 035 $a(CKB)3710000000230216 035 $a(EBL)3114053 035 $a(SSID)ssj0001222273 035 $a(PQKBManifestationID)11707529 035 $a(PQKBTitleCode)TC0001222273 035 $a(PQKBWorkID)11195416 035 $a(PQKB)10635729 035 $a(MiAaPQ)EBC3114053 035 $a(RPAM)18076264 035 $a(PPN)195408640 035 $a(EXLCZ)993710000000230216 100 $a20150415h20132013 uy 0 101 0 $aeng 135 $aur|n|---||||| 181 $ctxt 182 $cc 183 $acr 200 10$aFormality of the little N-disks operad /$fPascal Lambrechts, Ismar Volic? 210 1$aProvidence, Rhode Island :$cAmerican Mathematical Society,$d2013. 210 4$d©2013 215 $a1 online resource (130 p.) 225 1 $aMemoirs of the American Mathematical Society,$x1947-6221 ;$vVolume 230, Number 1079 300 $a"Volume 230, Number 1079 (first of 5 numbers)." 311 $a0-8218-9212-6 320 $aIncludes bibliographical references and index. 327 $a""Contents""; ""Acknowledgments""; ""Chapter 1. Introduction""; ""1. Plan of the paper""; ""Chapter 2. Notation, linear orders, weak partitions, and operads""; ""2.1. Notation""; ""2.2. Linear orders""; ""2.3. Weak ordered partitions""; ""2.4. Operads and cooperads""; ""Chapter 3. CDGA models for operads""; ""Chapter 4. Real homotopy theory of semi-algebraic sets""; ""Chapter 5. The Fulton-MacPherson operad""; ""5.1. Compactification of configuration spaces in a???^{a???}""; ""5.2. The operad structure""; ""5.3. The canonical projections"" 327 $a""5.4. Decomposition of the boundary of [ ] into codimension 0 faces""""5.5. Spaces of singular configurations""; ""5.6. Pullback of a canonical projection along an operad structure map""; ""5.7. Decomposition of the fiberwise boundary along a canonical projection""; ""5.8. Orientation of [ ]""; ""5.9. Proof of the local triviality of the canonical projections""; ""Chapter 6. The CDGAs of admissible diagrams""; ""6.1. Diagrams""; ""6.2. The module ( ) of diagrams""; ""6.3. Product of diagrams""; ""6.4. A differential on the space of diagrams"" 327 $a""6.5. The CDGA ( ) of admissible diagrams""""Chapter 7. Cooperad structure on the spaces of (admissible) diagrams""; ""7.1. Construction of the cooperad structure maps I??_{ } and I??_{ }""; ""7.2. I??_{ } and I??_{ } are morphisms of algebras""; ""7.3. I??_{ } is a chain map""; ""7.4. Proof that the cooperad structure is well-defined""; ""Chapter 8. Equivalence of the cooperads and a???*( [a???])""; ""Chapter 9. The Kontsevich configuration space integrals""; ""9.1. Construction of the Kontsevich configuration space integral ""; ""9.2. is a morphism of algebras"" 327 $a""9.3. Vanishing of on non-admissible diagrams""""9.4. and are chain maps""; ""9.5. and are almost morphisms of cooperads""; ""Chapter 10. Proofs of the formality theorems""; ""Index of notation""; ""Bibliography"" 410 0$aMemoirs of the American Mathematical Society ;$vVolume 230, Number 1079. 606 $aHomotopy theory 606 $aOperads 606 $aLoop spaces 615 0$aHomotopy theory. 615 0$aOperads. 615 0$aLoop spaces. 676 $a514/.24 700 $aLambrechts$b Pascal$f1964-$01594814 702 $aVolic?$b Ismar$f1973- 801 0$bMiAaPQ 801 1$bMiAaPQ 801 2$bMiAaPQ 906 $aBOOK 912 $a9910809133203321 996 $aFormality of the little N-disks operad$93915511 997 $aUNINA